[Event "Russian Rapid Team Championship (w)"]
[Site "Sochi"]
[Date "2022.10.18"]
[Round "4.1"]
[White "Pogonina, Natalija"]
[Black "Voit, Daria"]
[Result "1-0"]
[BlackElo "2297"]
[WhiteElo "2466"]
[LiveChessVersion "1.4.8"]

1. Nf3 {[%clk 0:15:16]} d5 {[%clk 0:15:17]} 2. g3 {[%clk 0:15:23]} Nd7
{[%clk 0:15:23]} 3. d4 {[%clk 0:15:09]} Nb6 {[%clk 0:15:27]} 4. Bg2
{[%clk 0:15:15]} Nf6 {[%clk 0:15:34]} 5. O-O {[%clk 0:15:12]} Bf5
{[%clk 0:15:42]} 6. b3 {[%clk 0:14:30]} e6 {[%clk 0:15:49]} 7. Bb2
{[%clk 0:14:22]} Be7 {[%clk 0:15:47]} 8. Ne5 {[%clk 0:14:09]} O-O
{[%clk 0:15:45]} 9. Nd2 {[%clk 0:14:01]} Nfd7 {[%clk 0:15:49]} 10. Nd3
{[%clk 0:14:01]} c5 {[%clk 0:15:12]} 11. dxc5 {[%clk 0:13:01]} Nxc5
{[%clk 0:15:18]} 12. Nxc5 {[%clk 0:12:55]} Bxc5 {[%clk 0:15:26]} 13. e4
{[%clk 0:13:02]} Bg6 {[%clk 0:15:28]} 14. exd5 {[%clk 0:13:01]} Nxd5
{[%clk 0:15:34]} 15. Ne4 {[%clk 0:12:17]} Bb6 {[%clk 0:15:20]} 16. Qe2
{[%clk 0:12:16]} Qe7 {[%clk 0:14:22]} 17. a3 {[%clk 0:10:44]} Rfd8
{[%clk 0:13:21]} 18. Rad1 {[%clk 0:10:46]} Qc7 {[%clk 0:12:46]} 19. c4
{[%clk 0:10:37]} Ne7 {[%clk 0:12:54]} 20. b4 {[%clk 0:10:37]} a5 {[%clk 0:12:15]}
21. c5 {[%clk 0:10:43]} Ba7 {[%clk 0:12:24]} 22. Nd6 {[%clk 0:10:42]} axb4
{[%clk 0:12:02]} 23. Qe5 {[%clk 0:09:16]} f6 {[%clk 0:12:02]} 24. Qxe6+
{[%clk 0:09:23]} Kh8 {[%clk 0:12:04]} 25. axb4 {[%clk 0:09:23]} Nc6
{[%clk 0:12:09]} 26. b5 {[%clk 0:07:51]} Bxc5 {[%clk 0:11:16]} 27. bxc6
{[%clk 0:07:55]} Rxd6 {[%clk 0:11:03]} 28. Rxd6 {[%clk 0:07:56]} Bxd6
{[%clk 0:11:06]} 29. cxb7 {[%clk 0:08:02]} Re8 {[%clk 0:11:14]} 30. Qd5
{[%clk 0:07:43]} Qb6 {[%clk 0:10:30]} 31. Bd4 {[%clk 0:07:38]} Qb4
{[%clk 0:10:39]} 32. Bc3 {[%clk 0:07:15]} Qa3 {[%clk 0:09:44]} 33. Rd1
{[%clk 0:06:38]} Bb8 {[%clk 0:08:14]} 34. Qc6 {[%clk 0:06:36]} Qf8
{[%clk 0:06:07]} 35. Re1 {[%clk 0:05:32]} Rxe1+ {[%clk 0:05:08]} 36. Bxe1
{[%clk 0:05:40]} Bf5 {[%clk 0:05:14]} 37. Ba5 {[%clk 0:05:03]} h6
{[%clk 0:05:00]} 38. Bc7 {[%clk 0:05:03]} Ba7 {[%clk 0:04:43]} 39. Qb5
{[%clk 0:04:43]} Qe7 {[%clk 0:04:05]} 40. Qxf5 {[%clk 0:04:20]} 1-0

[Event "Russian Rapid Team Championship (w)"]
[Site "Sochi"]
[Date "2022.10.18"]
[Round "4.2"]
[White "Kovalevskaya, Ekaterina"]
[Black "Girya, Olga"]
[Result "1/2-1/2"]
[BlackElo "2298"]
[WhiteElo "2257"]
[LiveChessVersion "1.4.8"]

1. Nf3 {[%clk 0:15:17]} d5 {[%clk 0:15:20]} 2. g3 {[%clk 0:15:26]} c6
{[%clk 0:15:29]} 3. Bg2 {[%clk 0:15:35]} Bg4 {[%clk 0:15:38]} 4. O-O
{[%clk 0:15:36]} Nd7 {[%clk 0:15:42]} 5. d3 {[%clk 0:15:27]} Ngf6
{[%clk 0:15:50]} 6. Nbd2 {[%clk 0:15:31]} e5 {[%clk 0:15:59]} 7. e4
{[%clk 0:15:40]} dxe4 {[%clk 0:15:43]} 8. dxe4 {[%clk 0:15:45]} Be7
{[%clk 0:15:52]} 9. Qe2 {[%clk 0:15:48]} O-O {[%clk 0:15:52]} 10. b3
{[%clk 0:13:24]} Re8 {[%clk 0:15:51]} 11. Bb2 {[%clk 0:13:31]} Bf8
{[%clk 0:15:45]} 12. Nc4 {[%clk 0:10:41]} b5 {[%clk 0:15:27]} 13. Ne3
{[%clk 0:10:46]} Bh5 {[%clk 0:15:36]} 14. a4 {[%clk 0:10:18]} a6 {[%clk 0:15:22]}
15. Rfd1 {[%clk 0:09:35]} Qc7 {[%clk 0:15:06]} 16. h3 {[%clk 0:07:30]} Nxe4
{[%clk 0:12:11]} 17. axb5 {[%clk 0:07:25]} axb5 {[%clk 0:12:21]} 18. Rxa8
{[%clk 0:07:27]} Rxa8 {[%clk 0:12:30]} 19. Nf5 {[%clk 0:06:38]} Nec5
{[%clk 0:08:49]} 20. g4 {[%clk 0:06:38]} Bg6 {[%clk 0:08:55]} 21. Bxe5
{[%clk 0:06:05]} Nxe5 {[%clk 0:07:45]} 22. Qxe5 {[%clk 0:06:13]} Qxe5
{[%clk 0:01:15]} 23. Nxe5 {[%clk 0:06:22]} Bxf5 {[%clk 0:01:20]} 24. gxf5
{[%clk 0:06:28]} Re8 {[%clk 0:00:53]} 25. Nxc6 {[%clk 0:06:27]} g6
{[%clk 0:00:56]} 26. fxg6 {[%clk 0:06:19]} hxg6 {[%clk 0:01:05]} 27. Bf3
{[%clk 0:05:54]} Ne6 {[%clk 0:01:00]} 28. Kg2 {[%clk 0:04:32]} Bg7
{[%clk 0:00:28]} 29. Rd7 {[%clk 0:04:06]} Nf4+ {[%clk 0:00:28]} 30. Kg3
{[%clk 0:04:07]} g5 {[%clk 0:00:36]} 31. Rd8 {[%clk 0:01:42]} Rxd8
{[%clk 0:00:45]} 32. Nxd8 {[%clk 0:01:50]} Be5 {[%clk 0:00:27]} 33. Kg4
{[%clk 0:01:31]} f6 {[%clk 0:00:36]} 34. Nc6 {[%clk 0:01:30]} Bd6
{[%clk 0:00:44]} 35. Nd4 {[%clk 0:00:45]} b4 {[%clk 0:00:53]} 36. Ne2
{[%clk 0:00:43]} 1/2-1/2

[Event "Russian Rapid Team Championship (w)"]
[Site "Sochi"]
[Date "2022.10.18"]
[Round "4.3"]
[White "Garifullina, Leya"]
[Black "Bivol, Alina"]
[Result "1/2-1/2"]
[BlackElo "2264"]
[WhiteElo "2273"]
[LiveChessVersion "1.4.8"]

1. e4 {[%clk 0:15:18]} d5 {[%clk 0:14:22]} 2. exd5 {[%clk 0:15:22]} Qxd5
{[%clk 0:14:31]} 3. Nc3 {[%clk 0:15:31]} Qa5 {[%clk 0:14:39]} 4. d4
{[%clk 0:15:36]} Nf6 {[%clk 0:14:48]} 5. Nf3 {[%clk 0:15:29]} Bf5
{[%clk 0:14:51]} 6. Bd2 {[%clk 0:15:06]} c6 {[%clk 0:14:41]} 7. Bc4
{[%clk 0:15:01]} Nbd7 {[%clk 0:13:12]} 8. d5 {[%clk 0:13:05]} cxd5
{[%clk 0:11:50]} 9. Nxd5 {[%clk 0:12:27]} Qc5 {[%clk 0:11:41]} 10. Nxf6+
{[%clk 0:12:09]} Nxf6 {[%clk 0:09:12]} 11. Bb3 {[%clk 0:11:55]} Bd7
{[%clk 0:09:11]} 12. Be3 {[%clk 0:11:40]} Qa5+ {[%clk 0:09:11]} 13. Qd2
{[%clk 0:11:03]} Qxd2+ {[%clk 0:09:18]} 14. Bxd2 {[%clk 0:11:03]} e6
{[%clk 0:09:19]} 15. Ne5 {[%clk 0:10:46]} Bd6 {[%clk 0:08:48]} 16. Nxd7
{[%clk 0:10:20]} Nxd7 {[%clk 0:08:29]} 17. c3 {[%clk 0:10:01]} O-O-O
{[%clk 0:08:02]} 18. Be3 {[%clk 0:09:38]} Bc5 {[%clk 0:07:51]} 19. Ke2
{[%clk 0:09:24]} Bxe3 {[%clk 0:07:10]} 20. Kxe3 {[%clk 0:09:14]} Nb6
{[%clk 0:06:19]} 21. Rad1 {[%clk 0:08:53]} Kc7 {[%clk 0:06:27]} 22. h4
{[%clk 0:08:42]} a5 {[%clk 0:05:34]} 23. a4 {[%clk 0:08:33]} Nd5+
{[%clk 0:05:32]} 24. Bxd5 {[%clk 0:08:34]} exd5 {[%clk 0:05:37]} 25. Rd4 Rhe8+
{[%clk 0:05:45]} 26. Kf3 {[%clk 0:08:09]} Rd6 {[%clk 0:04:47]} 27. Rf4
{[%clk 0:07:54]} f6 {[%clk 0:03:31]} 28. Rd1 {[%clk 0:07:51]} Re4
{[%clk 0:01:08]} 29. Rd4 {[%clk 0:06:25]} Rxf4+ {[%clk 0:01:14]} 30. Kxf4
{[%clk 0:06:32]} Rb6 {[%clk 0:00:24]} 31. b4 {[%clk 0:03:34]} axb4
{[%clk 0:04:04]} 32. cxb4 {[%clk 0:03:41]} Ra6 {[%clk 0:00:30]} 33. Ke4 1/2-1/2

[Event "Russian Rapid Team Championship (w)"]
[Site "Sochi"]
[Date "2022.10.18"]
[Round "4.4"]
[White "Borisova, Ekaterina"]
[Black "Guseva, Marina"]
[Result "1-0"]
[BlackElo "2273"]
[WhiteElo "2150"]
[LiveChessVersion "1.4.8"]

1. d4 {[%clk 0:15:19]} Nf6 {[%clk 0:15:17]} 2. c4 {[%clk 0:15:28]} e6
{[%clk 0:15:26]} 3. g3 {[%clk 0:15:37]} d5 {[%clk 0:15:33]} 4. Nf3
{[%clk 0:15:46]} Be7 {[%clk 0:15:42]} 5. Bg2 {[%clk 0:15:54]} O-O
{[%clk 0:15:49]} 6. O-O {[%clk 0:16:02]} dxc4 {[%clk 0:15:58]} 7. Qc2
{[%clk 0:16:11]} b5 {[%clk 0:16:05]} 8. a4 {[%clk 0:16:16]} b4 {[%clk 0:16:13]}
9. Nfd2 {[%clk 0:16:25]} Nd5 {[%clk 0:16:11]} 10. Nxc4 {[%clk 0:16:28]} c5
{[%clk 0:16:18]} 11. dxc5 {[%clk 0:16:28]} Ba6 {[%clk 0:16:26]} 12. e4
{[%clk 0:16:22]} Nf6 {[%clk 0:15:00]} 13. Be3 {[%clk 0:14:21]} Nbd7
{[%clk 0:11:38]} 14. Rd1 {[%clk 0:13:33]} Qc7 {[%clk 0:09:45]} 15. Nbd2
{[%clk 0:09:29]} Bxc5 {[%clk 0:07:25]} 16. Rac1 {[%clk 0:09:26]} Rac8
{[%clk 0:06:59]} 17. Nb3 {[%clk 0:08:13]} Bxe3 {[%clk 0:06:13]} 18. Nxe3
{[%clk 0:08:22]} Qb6 {[%clk 0:05:50]} 19. Qd2 {[%clk 0:06:51]} Nc5
{[%clk 0:05:14]} 20. Nxc5 {[%clk 0:06:54]} Rxc5 {[%clk 0:05:23]} 21. Rxc5
{[%clk 0:06:48]} Qxc5 {[%clk 0:05:31]} 22. Qd6 {[%clk 0:06:30]} Qa5
{[%clk 0:02:35]} 23. e5 {[%clk 0:05:47]} Nd5 {[%clk 0:01:29]} 24. Bxd5
{[%clk 0:03:35]} exd5 {[%clk 0:01:37]} 25. Nxd5 {[%clk 0:03:39]} g6
{[%clk 0:00:52]} 26. Ne7+ {[%clk 0:03:32]} Kg7 {[%clk 0:00:54]} 27. Qf6+
{[%clk 0:03:40]} 1-0

[Event "Russian Rapid Team Championship (w)"]
[Site "Sochi"]
[Date "2022.10.18"]
[Round "4.5"]
[White "Strutinskaia, Galina"]
[Black "Fominykh, Maria"]
[Result "1/2-1/2"]
[BlackElo "2086"]
[WhiteElo "1997"]
[LiveChessVersion "1.4.8"]

1. c4 {[%clk 0:15:18]} Nf6 {[%clk 0:15:18]} 2. Nc3 {[%clk 0:15:23]} g6
{[%clk 0:15:23]} 3. d4 {[%clk 0:15:26]} Bg7 {[%clk 0:15:31]} 4. e4
{[%clk 0:15:35]} d6 {[%clk 0:15:40]} 5. Nf3 {[%clk 0:15:39]} O-O {[%clk 0:15:46]}
6. Be2 {[%clk 0:15:47]} e5 {[%clk 0:15:54]} 7. d5 {[%clk 0:15:56]} a5
{[%clk 0:16:03]} 8. Be3 {[%clk 0:16:01]} Ng4 {[%clk 0:15:29]} 9. Bg5
{[%clk 0:16:10]} f6 {[%clk 0:15:36]} 10. Bh4 {[%clk 0:16:18]} Nh6
{[%clk 0:15:42]} 11. Nd2 {[%clk 0:16:19]} Na6 {[%clk 0:15:34]} 12. f3
{[%clk 0:16:27]} Bd7 {[%clk 0:15:14]} 13. a3 {[%clk 0:15:54]} Qe8
{[%clk 0:13:37]} 14. b3 {[%clk 0:15:50]} f5 {[%clk 0:13:29]} 15. Bf2
{[%clk 0:15:29]} b6 {[%clk 0:11:46]} 16. Rb1 {[%clk 0:14:48]} Nc5
{[%clk 0:10:48]} 17. b4 {[%clk 0:13:58]} axb4 {[%clk 0:10:27]} 18. axb4
{[%clk 0:14:06]} Na4 {[%clk 0:09:07]} 19. Nxa4 {[%clk 0:14:06]} Bxa4
{[%clk 0:07:37]} 20. Qc1 {[%clk 0:14:13]} fxe4 {[%clk 0:07:20]} 21. Nxe4
{[%clk 0:14:01]} Bd7 {[%clk 0:06:22]} 22. O-O {[%clk 0:13:23]} Nf5
{[%clk 0:05:18]} 23. Ra1 {[%clk 0:13:15]} Nd4 {[%clk 0:03:51]} 24. Bd3
{[%clk 0:12:19]} Bf5 {[%clk 0:02:30]} 25. Qb2 {[%clk 0:12:12]} Qe7
{[%clk 0:01:49]} 26. Rxa8 {[%clk 0:11:46]} Rxa8 {[%clk 0:01:58]} 27. Ra1
{[%clk 0:11:55]} Qf8 {[%clk 0:01:13]} 28. Kh1 {[%clk 0:10:08]} h5
{[%clk 0:00:42]} 29. Ra3 {[%clk 0:09:26]} Bd7 {[%clk 0:00:16]} 30. Rxa8
{[%clk 0:08:09]} Qxa8 {[%clk 0:00:24]} 31. c5 {[%clk 0:08:15]} bxc5
{[%clk 0:00:16]} 32. bxc5 {[%clk 0:08:24]} Qxd5 {[%clk 0:00:16]} 33. cxd6
{[%clk 0:08:30]} cxd6 {[%clk 0:00:17]} 34. Qb8+ {[%clk 0:08:31]} Kh7
{[%clk 0:00:20]} 35. Qxd6 {[%clk 0:08:16]} Qxd6 {[%clk 0:00:22]} 36. Nxd6
{[%clk 0:08:24]} Nf5 {[%clk 0:00:20]} 37. Nf7 {[%clk 0:07:58]} Bf6
{[%clk 0:00:24]} 38. Bc4 {[%clk 0:07:37]} Kg7 {[%clk 0:00:28]} 39. Bc5
{[%clk 0:07:43]} Bc6 {[%clk 0:00:24]} 40. Nd6 {[%clk 0:07:35]} Nxd6
{[%clk 0:00:30]} 41. Bxd6 1/2-1/2

[Event "Russian Rapid Team Championship (w)"]
[Site "Sochi"]
[Date "2022.10.18"]
[Round "4.6"]
[White "Khokhlova, Daria"]
[Black "Bogumil, Tatiana"]
[Result "1/2-1/2"]
[BlackElo "2082"]
[WhiteElo "2108"]
[LiveChessVersion "1.4.8"]

1. d4 {[%clk 0:15:19]} Nf6 {[%clk 0:15:19]} 2. c4 {[%clk 0:15:28]} c5
{[%clk 0:15:28]} 3. Nf3 {[%clk 0:15:25]} b6 {[%clk 0:15:22]} 4. d5
{[%clk 0:15:07]} b5 {[%clk 0:14:42]} 5. cxb5 {[%clk 0:15:13]} a6 {[%clk 0:14:46]}
6. bxa6 {[%clk 0:15:19]} Bxa6 {[%clk 0:14:51]} 7. Nc3 {[%clk 0:15:22]} d6
{[%clk 0:14:55]} 8. g3 {[%clk 0:15:28]} g6 {[%clk 0:15:04]} 9. Bg2
{[%clk 0:15:37]} Bg7 {[%clk 0:15:13]} 10. O-O {[%clk 0:15:41]} O-O
{[%clk 0:15:21]} 11. Rb1 {[%clk 0:15:47]} Nbd7 {[%clk 0:15:18]} 12. b3
{[%clk 0:13:55]} Qa5 {[%clk 0:14:51]} 13. Bd2 {[%clk 0:13:50]} Rfb8
{[%clk 0:14:53]} 14. a4 {[%clk 0:12:04]} Qc7 {[%clk 0:14:19]} 15. Ne1
{[%clk 0:10:28]} Ra7 {[%clk 0:14:12]} 16. Nc2 {[%clk 0:10:29]} Rab7
{[%clk 0:12:21]} 17. Na3 {[%clk 0:10:35]} Ne8 {[%clk 0:11:23]} 18. Ncb5
{[%clk 0:09:35]} Qc8 {[%clk 0:09:15]} 19. Qc2 {[%clk 0:08:20]} Nc7
{[%clk 0:09:12]} 20. Nxc7 {[%clk 0:07:36]} Qxc7 {[%clk 0:08:41]} 21. Nc4
{[%clk 0:07:28]} Ra7 {[%clk 0:06:52]} 22. Na5 {[%clk 0:06:27]} Bb7
{[%clk 0:04:53]} 23. Nxb7 {[%clk 0:04:00]} Raxb7 {[%clk 0:04:03]} 24. Rfc1
{[%clk 0:03:36]} Qd8 {[%clk 0:02:38]} 25. e4 {[%clk 0:03:19]} Ne5
{[%clk 0:02:12]} 26. Bc3 {[%clk 0:02:46]} h5 {[%clk 0:02:01]} 27. f4
{[%clk 0:02:19]} Ng4 {[%clk 0:02:02]} 28. Bxg7 {[%clk 0:02:24]} Kxg7
{[%clk 0:01:18]} 29. Qc3+ {[%clk 0:02:23]} Kg8 {[%clk 0:01:15]} 30. h3
{[%clk 0:02:11]} Nf6 {[%clk 0:01:19]} 31. Rd1 {[%clk 0:01:43]} Rb4
{[%clk 0:01:25]} 32. e5 {[%clk 0:01:28]} Ne8 {[%clk 0:01:09]} 33. Bf1
{[%clk 0:01:17]} Qc8 {[%clk 0:00:58]} 34. Kh2 {[%clk 0:01:18]} h4
{[%clk 0:00:57]} 35. Bc4 {[%clk 0:01:15]} hxg3+ {[%clk 0:00:58]} 36. Qxg3
{[%clk 0:01:10]} Qf5 {[%clk 0:00:53]} 37. Rbc1 {[%clk 0:01:16]} Ng7
{[%clk 0:01:00]} 38. Qg4 {[%clk 0:01:02]} dxe5 {[%clk 0:00:25]} 39. Qxf5
{[%clk 0:00:46]} Nxf5 {[%clk 0:00:33]} 40. fxe5 {[%clk 0:00:54]} Ne3
{[%clk 0:00:31]} 41. Rd3 {[%clk 0:00:55]} Nf5 {[%clk 0:00:15]} 42. d6
{[%clk 0:00:55]} exd6 {[%clk 0:00:21]} 43. exd6 {[%clk 0:01:04]} Rd8
{[%clk 0:00:17]} 44. d7 {[%clk 0:00:52]} Nd4 {[%clk 0:00:23]} 45. a5
{[%clk 0:00:41]} Rxd7 {[%clk 0:00:19]} 46. a6 Ra7 {[%clk 0:00:15]} 47. Rf1
{[%clk 0:00:39]} Rb8 {[%clk 0:00:16]} 48. Rf6 {[%clk 0:00:39]} Kg7
{[%clk 0:00:24]} 49. Rd6 {[%clk 0:00:46]} Rc8 {[%clk 0:00:11]} 50. b4
{[%clk 0:00:43]} Nf5 {[%clk 0:00:16]} 51. b5 {[%clk 0:00:43]} Nxd6
{[%clk 0:00:18]} 52. Rxd6 {[%clk 0:00:52]} Rca8 {[%clk 0:00:12]} 53. Rc6
{[%clk 0:00:29]} Re7 {[%clk 0:00:11]} 54. b6 {[%clk 0:00:35]} Rd8
{[%clk 0:00:13]} 55. b7 {[%clk 0:00:30]} Re3 {[%clk 0:00:18]} 56. a7
{[%clk 0:00:23]} Rd2+ {[%clk 0:00:26]} 57. Kg1 {[%clk 0:00:33]} Re1+
{[%clk 0:00:15]} 58. Bf1 {[%clk 0:00:42]} Rdd1 {[%clk 0:00:18]} 59. b8=Q
{[%clk 0:00:46]} Rxf1+ {[%clk 0:00:25]} 60. Kg2 {[%clk 0:00:56]} Rg1+
{[%clk 0:00:33]} 61. Kf2 {[%clk 0:00:54]} Rgf1+ {[%clk 0:00:42]} 62. Ke2
{[%clk 0:01:02]} Rfe1+ {[%clk 0:00:50]} 63. Kf3 {[%clk 0:01:10]} Rf1+
{[%clk 0:00:56]} 64. Ke4 {[%clk 0:01:02]} Rfe1+ {[%clk 0:01:03]} 65. Kf4
{[%clk 0:01:09]} Rf1+ {[%clk 0:01:01]} 66. Kg4 {[%clk 0:00:39]} Rg1+
{[%clk 0:01:07]} 67. Kf3 {[%clk 0:00:38]} Rgf1+ {[%clk 0:01:16]} 68. Ke3
{[%clk 0:00:33]} Rfe1+ {[%clk 0:01:25]} 69. Ke4 1/2-1/2

[Event "Russian Rapid Team Championship (w)"]
[Site "Sochi"]
[Date "2022.10.18"]
[Round "4.7"]
[White "Sirotkina, Nina"]
[Black "Porozhnyak, Maya"]
[Result "1/2-1/2"]
[BlackElo "1837"]
[WhiteElo "2090"]
[LiveChessVersion "1.4.8"]

1. d4 {[%clk 0:15:19]} e6 {[%clk 0:15:12]} 2. Bf4 {[%clk 0:15:26]} b6
{[%clk 0:15:15]} 3. e3 {[%clk 0:15:27]} Bb7 {[%clk 0:15:21]} 4. Nf3
{[%clk 0:15:35]} Nf6 {[%clk 0:15:23]} 5. h3 {[%clk 0:15:35]} Be7 {[%clk 0:15:18]}
6. Be2 {[%clk 0:15:20]} d6 {[%clk 0:15:11]} 7. O-O {[%clk 0:15:24]} O-O
{[%clk 0:15:19]} 8. c4 {[%clk 0:14:58]} Nbd7 {[%clk 0:15:05]} 9. Nc3
{[%clk 0:14:56]} Re8 {[%clk 0:14:07]} 10. Qc2 {[%clk 0:13:29]} c5
{[%clk 0:12:55]} 11. dxc5 {[%clk 0:12:45]} Nxc5 {[%clk 0:12:37]} 12. Rfd1
{[%clk 0:12:18]} Nce4 {[%clk 0:12:01]} 13. Nxe4 {[%clk 0:11:17]} Bxe4
{[%clk 0:12:02]} 14. Qa4 {[%clk 0:09:33]} Qc7 {[%clk 0:10:47]} 15. Rac1
{[%clk 0:08:54]} Bc6 {[%clk 0:10:46]} 16. Qc2 {[%clk 0:08:38]} e5
{[%clk 0:09:47]} 17. Bg5 {[%clk 0:08:08]} h6 {[%clk 0:09:31]} 18. Bh4
{[%clk 0:07:41]} Rad8 {[%clk 0:09:17]} 19. b4 {[%clk 0:06:20]} Ne4
{[%clk 0:07:21]} 20. Bxe7 {[%clk 0:06:09]} Qxe7 {[%clk 0:07:30]} 21. Ne1
{[%clk 0:05:56]} Rd7 {[%clk 0:06:55]} 22. Bf3 {[%clk 0:05:22]} f5
{[%clk 0:06:58]} 23. Nd3 {[%clk 0:04:34]} Ba8 {[%clk 0:05:31]} 24. b5
{[%clk 0:03:56]} Rc8 {[%clk 0:04:04]} 25. Nb4 {[%clk 0:03:25]} Qh4
{[%clk 0:03:17]} 26. Qe2 {[%clk 0:02:50]} Kh7 {[%clk 0:02:53]} 27. Bxe4
{[%clk 0:02:22]} Bxe4 {[%clk 0:02:49]} 28. f3 {[%clk 0:02:25]} Bb7
{[%clk 0:02:53]} 29. Nd5 {[%clk 0:01:52]} Rc5 {[%clk 0:02:25]} 30. Rc2
{[%clk 0:01:42]} Bxd5 {[%clk 0:02:07]} 31. Rxd5 {[%clk 0:01:34]} Rxd5
{[%clk 0:01:40]} 32. cxd5 {[%clk 0:01:42]} Qe7 {[%clk 0:01:26]} 33. Rc6
{[%clk 0:01:49]} Qf7 {[%clk 0:01:14]} 34. Qc4 {[%clk 0:01:44]} g5
{[%clk 0:01:09]} 35. a4 {[%clk 0:01:46]} Kg7 {[%clk 0:01:15]} 36. Qd3
{[%clk 0:01:37]} h5 {[%clk 0:00:55]} 37. Qc4 {[%clk 0:01:33]} Kh7
{[%clk 0:00:55]} 38. Kh2 {[%clk 0:01:39]} Kg7 {[%clk 0:01:04]} 39. Qd3
{[%clk 0:01:01]} Kh6 {[%clk 0:01:04]} 40. Qc4 {[%clk 0:00:56]} Kg7
{[%clk 0:01:13]} 41. f4 {[%clk 0:00:25]} gxf4 {[%clk 0:01:13]} 42. exf4
{[%clk 0:00:34]} e4 {[%clk 0:01:13]} 43. Qd4+ {[%clk 0:00:37]} Qf6
{[%clk 0:01:13]} 44. Qxf6+ {[%clk 0:00:37]} Kxf6 {[%clk 0:01:22]} 45. Kg3
{[%clk 0:00:45]} Kg6 {[%clk 0:01:01]} 46. Kf2 {[%clk 0:00:51]} h4
{[%clk 0:01:05]} 47. Rc8 {[%clk 0:00:54]} Kg7 {[%clk 0:01:03]} 48. Ke3
{[%clk 0:00:54]} Kf6 {[%clk 0:00:52]} 49. Rh8 {[%clk 0:00:49]} Rc7
{[%clk 0:00:41]} 50. Rxh4 {[%clk 0:00:54]} Rc3+ {[%clk 0:00:50]} 51. Kd4
{[%clk 0:00:57]} Rd3+ {[%clk 0:00:45]} 52. Kc4 {[%clk 0:01:05]} Rd1
{[%clk 0:00:50]} 53. Rh6+ {[%clk 0:01:12]} Ke7 {[%clk 0:00:48]} 54. g4
{[%clk 0:01:14]} Rc1+ {[%clk 0:00:48]} 55. Kd4 {[%clk 0:01:17]} Rd1+
{[%clk 0:00:52]} 56. Kc4 {[%clk 0:01:18]} Rc1+ {[%clk 0:01:00]} 57. Kb3
{[%clk 0:01:22]} Rc5 {[%clk 0:00:48]} 58. Re6+ {[%clk 0:01:20]} Kd7
{[%clk 0:00:57]} 59. gxf5 {[%clk 0:01:27]} Rxd5 {[%clk 0:01:06]} 60. Rxe4
{[%clk 0:01:31]} Rxf5 {[%clk 0:01:15]} 61. Kc3 {[%clk 0:01:31]} d5
{[%clk 0:01:03]} 62. Re5 {[%clk 0:01:19]} Rxf4 {[%clk 0:01:12]} 63. Rxd5+
{[%clk 0:01:27]} Ke6 {[%clk 0:01:06]} 64. Rd4 {[%clk 0:01:28]} Rf3+
{[%clk 0:01:15]} 65. Rd3 {[%clk 0:01:37]} Rf4 {[%clk 0:01:20]} 66. Kb3
{[%clk 0:01:46]} Rh4 {[%clk 0:01:22]} 67. Rg3 {[%clk 0:01:46]} Kd6
{[%clk 0:01:20]} 68. Rc3 {[%clk 0:01:42]} Kd7 {[%clk 0:01:08]} 69. Rg3
{[%clk 0:01:26]} Kd6 {[%clk 0:01:17]} 70. Rf3 {[%clk 0:01:31]} Ke6
{[%clk 0:01:12]} 71. Rg3 {[%clk 0:01:24]} Kd6 {[%clk 0:01:16]} 72. Rd3+
{[%clk 0:01:06]} 1/2-1/2

[Event "Russian Rapid Team Championship (w)"]
[Site "Sochi"]
[Date "2022.10.18"]
[Round "4.8"]
[White "Shvedova, Maria"]
[Black "Mikhaylova, Irina"]
[Result "0-1"]
[BlackElo "2219"]
[WhiteElo "1722"]
[LiveChessVersion "1.4.8"]

1. d4 {[%clk 0:15:16]} Nf6 {[%clk 0:15:09]} 2. c4 {[%clk 0:15:19]} g6
{[%clk 0:15:18]} 3. Nc3 {[%clk 0:15:27]} d5 {[%clk 0:15:27]} 4. cxd5
{[%clk 0:15:28]} Nxd5 {[%clk 0:15:35]} 5. e4 {[%clk 0:15:36]} Nxc3
{[%clk 0:15:44]} 6. bxc3 {[%clk 0:15:45]} Bg7 {[%clk 0:15:53]} 7. Bc4
{[%clk 0:15:51]} c5 {[%clk 0:16:00]} 8. Be3 {[%clk 0:15:57]} O-O {[%clk 0:15:56]}
9. Ne2 {[%clk 0:16:05]} Nc6 {[%clk 0:15:46]} 10. O-O {[%clk 0:15:58]} Bd7
{[%clk 0:15:55]} 11. Rb1 {[%clk 0:15:57]} a6 {[%clk 0:16:03]} 12. dxc5
{[%clk 0:15:09]} Qc7 {[%clk 0:15:34]} 13. Bd5 {[%clk 0:14:17]} e6
{[%clk 0:13:22]} 14. Bb3 {[%clk 0:12:03]} Rfd8 {[%clk 0:12:21]} 15. Bg5
{[%clk 0:11:50]} Rdc8 {[%clk 0:11:33]} 16. Bf4 {[%clk 0:10:19]} Be5
{[%clk 0:11:36]} 17. Qd2 {[%clk 0:07:57]} Be8 {[%clk 0:11:03]} 18. g3
{[%clk 0:06:35]} Bxf4 {[%clk 0:08:02]} 19. gxf4 {[%clk 0:06:44]} Na5
{[%clk 0:07:08]} 20. Qd4 {[%clk 0:03:56]} Qxc5 {[%clk 0:06:14]} 21. Qf6
{[%clk 0:04:03]} Bb5 {[%clk 0:05:12]} 22. c4 {[%clk 0:03:37]} Bxc4
{[%clk 0:04:27]} 23. Bxc4 {[%clk 0:03:17]} Qxc4 {[%clk 0:04:35]} 24. Ng3
{[%clk 0:02:56]} Qc3 {[%clk 0:03:54]} 25. e5 {[%clk 0:03:03]} Qf3
{[%clk 0:04:03]} 26. h4 {[%clk 0:02:59]} Nc4 {[%clk 0:03:53]} 27. Rxb7
{[%clk 0:02:58]} Rf8 {[%clk 0:04:02]} 28. h5 {[%clk 0:02:57]} Ne3
{[%clk 0:03:52]} 29. fxe3 {[%clk 0:02:51]} Qxg3+ 30. Kh1 Qh3+ {[%clk 0:03:55]}
31. Kg1 {[%clk 0:03:09]} Qxe3+ {[%clk 0:03:22]} 32. Kg2 {[%clk 0:02:51]} Qe2+
{[%clk 0:03:17]} 33. Rf2 {[%clk 0:02:31]} Qg4+ {[%clk 0:03:17]} 34. Kf1
{[%clk 0:01:50]} Rad8 {[%clk 0:02:12]} 35. Rb1 {[%clk 0:01:52]} Rd1+
{[%clk 0:02:19]} 36. Rxd1 {[%clk 0:02:00]} Qxd1+ {[%clk 0:02:27]} 37. Kg2
{[%clk 0:02:09]} Qg4+ {[%clk 0:01:54]} 38. Kf1 {[%clk 0:02:05]} Qxh5
{[%clk 0:01:49]} 39. Rd2 {[%clk 0:01:47]} Qh1+ {[%clk 0:01:53]} 40. Kf2
{[%clk 0:01:53]} Qh2+ {[%clk 0:01:58]} 41. Ke3 {[%clk 0:01:58]} Qg3+
{[%clk 0:02:05]} 42. Ke2 {[%clk 0:02:06]} Qg2+ {[%clk 0:01:47]} 43. Ke3
{[%clk 0:02:16]} Qc6 {[%clk 0:01:51]} 44. Qh4 {[%clk 0:02:00]} Qb6+
{[%clk 0:01:46]} 45. Kf3 {[%clk 0:02:04]} Rc8 {[%clk 0:01:41]} 46. Rd3
{[%clk 0:01:13]} h5 {[%clk 0:01:43]} 47. Qf6 {[%clk 0:01:11]} Qc7
{[%clk 0:01:32]} 48. Kg3 {[%clk 0:01:08]} Qc2 {[%clk 0:01:00]} 49. Rd8+
{[%clk 0:01:02]} Rxd8 {[%clk 0:01:09]} 50. Qxd8+ {[%clk 0:01:11]} Kh7
{[%clk 0:01:16]} 51. Qf6 {[%clk 0:01:16]} Qf5 {[%clk 0:01:18]} 52. Qh4
{[%clk 0:01:15]} Kh6 {[%clk 0:00:57]} 53. Kh2 {[%clk 0:00:58]} a5
{[%clk 0:00:48]} 54. Qf2 {[%clk 0:00:59]} Qg4 {[%clk 0:00:45]} 55. Qd2
{[%clk 0:01:03]} Kh7 {[%clk 0:00:48]} 56. Kh1 {[%clk 0:01:10]} a4
{[%clk 0:00:45]} 57. Qb4 {[%clk 0:01:13]} Qf3+ {[%clk 0:00:46]} 58. Kg1
{[%clk 0:01:18]} a3 {[%clk 0:00:54]} 59. Qd2 {[%clk 0:01:07]} h4 {[%clk 0:00:47]}
60. Kh2 {[%clk 0:01:01]} Qg3+ {[%clk 0:00:49]} 61. Kh1 {[%clk 0:01:10]} h3
{[%clk 0:00:57]} 62. f5 {[%clk 0:01:11]} Qg2+ {[%clk 0:01:04]} 63. Qxg2
{[%clk 0:01:18]} hxg2+ {[%clk 0:01:12]} 64. Kxg2 {[%clk 0:01:28]} gxf5
{[%clk 0:01:17]} 65. Kf3 {[%clk 0:01:37]} f6 {[%clk 0:01:09]} 66. exf6
{[%clk 0:01:39]} Kg6 {[%clk 0:01:19]} 0-1